| 000 | 00702cam a22002173a 4500 | ||
|---|---|---|---|
| 001 | 38003 | ||
| 003 | PGUSA | ||
| 005 | 20140828083832.0 | ||
| 008 | 111113s2011||||xxu|||||s|||||000 | eng d | ||
| 040 |
_aPGUSA _beng |
||
| 042 | _adc | ||
| 100 | 1 |
_aChapman, Frank M. _q(Frank Michler), _d1864-1945 |
|
| 245 | 1 | 0 |
_aColor Key to North American Birds : _bwith bibliographical appendix _h[electronic resource] / _cFrank M. Chapman |
| 260 |
_bProject Gutenberg, _c2011 |
||
| 506 | _aPublic domain in the USA. | ||
| 516 | _aElectronic text | ||
| 700 | 1 |
_aReed, Chester A. _q(Chester Albert), _d1876-1912 |
|
| 830 | 0 |
_aProject Gutenberg _v38003 |
|
| 856 | 4 | 0 | _uhttp://www.gutenberg.org/ebooks/38003 |
| 942 | _cEB | ||
| 999 |
_c267257 _d267257 |
||